[Event "CAN-ch University"]
[Site "Ottawa"]
[Date "2018.01.14"]
[Round "4"]
[White "Law, James"]
[Black "Nah, James"]
[Result "1-0"]
[WhiteElo "1398"]
[BlackElo "1595"]
[PlyCount "91"]
[EventDate "2018.01.13"]
[EventType "swiss"]
[EventRounds "5"]
[EventCountry "CAN"]
[SourceTitle "EXT 2022"]
[Source "ChessBase"]
[SourceDate "2021.10.06"]
[SourceVersion "1"]
[SourceVersionDate "2021.10.06"]
[SourceQuality "1"]

1. d4 d5 2. c4 e6 3. Bf4 Nf6 4. Nc3 c6 5. e3 Be7 6. Nf3 Nbd7 7. cxd5 exd5 8. Bd3 0-0 9. 0-0 Re8 10. Qc2 Nf8 11. h3 Ng6 12. Bg3 Bd6 13. Bxd6 Qxd6 14. a3 Bd7 15. b4 a6 16. a4 Rac8 17. Qb3 Ne4 18. Bxe4 dxe4 19. Ng5 Be6 20. Ngxe4 Qe7 21. Qb2 Bf5 22. Ng3 Be6 23. Rfc1 Qd7 24. Kh2 f5 25. Nce2 Qd6 26. Kg1 Rf8 27. Nh5 Nh4 28. d5 Rc7 29. dxe6 Qxe6 30. Qa2 Qxa2 31. Rxa2 Rd8 32. Nd4 Kf7 33. Nf4 Re7 34. g3 Ng6 35. Nxg6 hxg6 36. Rc5 Kf6 37. b5 cxb5 38. axb5 axb5 39. Rxb5 Rc8 40. Ra7 Rc1+ 41. Kg2 Rec7 42. Raxb7 R7c4 43. h4 Ra1 44. R5b6+ Ke5 45. Re6+ Kd5 46. Rd7+ 1-0

[Event "Canadian op U1600 48th"]
[Site "Toronto"]
[Date "2011.07.09"]
[Round "1"]
[White "Souchko, Larissa"]
[Black "Law, James"]
[Result "0-1"]
[WhiteElo "1151"]
[BlackElo "1462"]
[PlyCount "58"]
[EventDate "2011.07.09"]
[EventType "swiss"]
[EventRounds "9"]
[EventCountry "CAN"]
[SourceTitle "EXT 2022"]
[Source "ChessBase"]
[SourceDate "2021.10.06"]
[SourceVersion "1"]
[SourceVersionDate "2021.10.06"]
[SourceQuality "1"]

1. e4 e6 2. Nf3 d5 3. exd5 exd5 4. d4 Nf6 5. Bg5 Be7 6. Qe2 0-0 7. g3 Re8 8. Be3 h6 9. Bg2 c6 10. 0-0 Bd6 11. h3 Bf5 12. Nc3 Nbd7 13. a4 Nf8 14. Qd2 Qd7 15. Kh2 Ng6 16. Ne2 Be4 17. c3 Qf5 18. Nfg1 Nh4 19. Nf4 Bxf4 20. f3 Bxe3 21. Qxe3 Nxg2 22. Kxg2 Bd3 23. Qd2 Bxf1+ 24. Rxf1 Qd7 25. h4 Re6 26. Nh3 Rae8 27. Rf2 R6e7 28. g4 Qe6 29. Nf4 Qe3 0-1